000 00681naa a2200217 4500
999 _c371557
_d371557
001 19954
003 OSt
005 20220408131729.0
007 tu
008 190527|||||||||||| ger
040 _aDE-2950
_cDE-2950
245 0 0 _aFlugmeldewesen und Luftschutzwarndienst in Frankfurt (Oder) /
_cWolfgang Buwert
260 _c2021
490 _aMitteilungen Historischer Verein zu Frankfurt (Oder) e.V.;
_vH. 1. 2021
546 _adeutsch
653 _aFrankfurt (Oder)
653 _aFlugmeldewesen
653 _aLuftschutz
773 0 _dFrankfurt (Oder)
_gHeft 1/2021, S. 30-40
_tMitteilungen Historischer Verein zu Frankfurt (Oder) e. V
_w11310
942 _2z
_cA